| 000 | 00711nam a2200241 4500 | ||
|---|---|---|---|
| 001 | 136779 | ||
| 003 | ES-MaACL | ||
| 005 | 20250721144339.0 | ||
| 007 | t| | ||
| 008 | 070214s1913 fr r ||||1| fre d | ||
| 080 | _a52 | ||
| 080 | _a524.8 | ||
| 100 | 1 |
_aSageret, Jules. _9101434 |
|
| 245 | 1 | 3 |
_aLe système du monde _b: des chaldeéns a Newton / _cpar Jules Sageret. |
| 260 |
_aParis : _bLibrairie Felix Alcan, _c1913. |
||
| 300 |
_a279 p. : _bil. ; _c19 cm. |
||
| 490 | 1 | _aNouvelle collection scientifique | |
| 650 | 7 |
_aAstronomía _2embne _910386 |
|
| 650 | 0 | 4 |
_aCosmología. _911389 |
| 830 | 0 |
_aNouvelle collection scientifique _9183891 |
|
| 852 |
_aES-MaACL _jD-4199 |
||
| 999 |
_c136779 _d136779 |
||